Tercer registro de ave playera (Aphriza virgata) en Colombia (Registro nro. 15757)

Detalles MARC
000 -CABECERA
Campo de control 003020000a22001090004500
090 ## - CLASIFICACIÓN LOCAL
Colección As
Consecutivo Seriadas
041 0# - IDIOMA
Código de idioma para texto/pista de sonido o título separado
100 1# - ASIENTO PRINCIPAL--NOMBRE PERSONAL
Nombre personal Kelsey, Martin
245 10 - MENCION DE TITULO
Título Tercer registro de ave playera (Aphriza virgata) en Colombia
773 1# - Item fuente:
Título Boletín SAO
Descripción física 18-17
Paginas del Articulo 53-54
Lugar, editorial y fecha de publicación 1999
Información sobre la relación 10
942 ## - ELEMENTOS ADICIONALES (KOHA)
Tipo de ítem Artículo

No hay ítems disponibles.